Luật luật sư 2013 : Đã sửa đổi, bổ sung (có hiệu lực từ 01/07/2013)

Nội dung trình bày đầy đủ Luật luật sư có hiệu lực từ 01.07.2013 đã được sửa đổi, bổ sung.

সংরক্ষণ করুন:
গ্রন্থ-পঞ্জীর বিবরন
বিন্যাস: গ্রন্থ
ভাষা:Undetermined
প্রকাশিত: Tp. HCM Hồng Đức 2013
বিষয়গুলি:
ট্যাগগুলো: ট্যাগ যুক্ত করুন
কোনো ট্যাগ নেই, প্রথমজন হিসাবে ট্যাগ করুন!
Thư viện lưu trữ: Trung tâm Học liệu Trường Đại học Cần Thơ
LEADER 00755nam a2200205Ia 4500
001 CTU_188077
008 210402s9999 xx 000 0 und d
020 |c 32000 
082 |a 347.597 
082 |b L504 
245 0 |a Luật luật sư 2013 : 
245 0 |b Đã sửa đổi, bổ sung (có hiệu lực từ 01/07/2013) 
245 0 |c Hoàng Anh hệ thống hóa 
260 |a Tp. HCM 
260 |b Hồng Đức 
260 |c 2013 
520 |a Nội dung trình bày đầy đủ Luật luật sư có hiệu lực từ 01.07.2013 đã được sửa đổi, bổ sung. 
650 |a Lawyers,Luật sư 
904 |i Bằng 
980 |a Trung tâm Học liệu Trường Đại học Cần Thơ